Top 5 Songs On Eversince (Bladee) - Statistics

General Stats
  • This quiz has been taken 77 times
  • The average score is 4 of 5
Answer Stats
Hint Answer % Correct
6,745,482 Sugar
96%
5,798,200 Who Goes There
92%
4,858,580 Lovenote
86%
4,417,517 Romeo
82%
4,018,124 So What
71%
No matching quizzes found
Score Distribution
Percent of People with Each Score
Percentile by Number Answered
Your Score History
You have not taken this quiz